| Tag |
First Indicator |
Second Indicator |
Subfields |
| LEADER |
00000nam a22000004a 4500 |
| 001 |
in00004688921 |
| 006 |
m o d |
| 007 |
cr cnu|||unuuu |
| 008 |
130307s2011 gw ob 001 0 ger d |
| 005 |
20260214200750.3 |
| 020 |
|
|
|a 9783433600825
|q (electronic bk.)
|
| 020 |
|
|
|a 3433600821
|q (electronic bk.)
|
| 020 |
|
|
|a 9783433029572
|
| 020 |
|
|
|a 3433029571
|
| 035 |
|
|
|a wil6007436
|
| 035 |
|
|
|a (NhCcYBP)wil6007436
|
| 040 |
|
|
|a NhCcYBP
|b eng
|c NhCcYBP
|
| 050 |
|
4 |
|a TE175
|b .K73 2011
|
| 082 |
0 |
4 |
|a 625
|2 23
|
| 100 |
1 |
|
|a Kracke, Ernst-August.
|
| 245 |
1 |
0 |
|a Leitfaden Straßenbrücken :
|b Entwurf, Baudurchführung, Erhaltung /
|c Ernst-August Kracke, Klaus Lodde.
|
| 260 |
|
|
|a Berlin :
|b Ernst & Sohn,
|c ©2011.
|
| 300 |
|
|
|a 1 online resource.
|
| 336 |
|
|
|a text
|b txt
|2 rdacontent
|
| 337 |
|
|
|a computer
|b c
|2 rdamedia
|
| 338 |
|
|
|a online resource
|b cr
|2 rdacarrier
|
| 490 |
0 |
|
|a Bauingenieur-Praxis
|
| 505 |
0 |
|
|a Technische Regelwerke -- Allgemeine Einführung Strassenbrücken -- Bauwerksentwurf -- Brückenbeläge -- Bauwerksfugen -- Berührungsschutz -- Entwässerung -- Fahrbahnübergänge -- Gründungen -- Geländer -- Hinterfüllung -- Kappen -- Lager -- Lärmschutzwände -- Mastverankerung -- Schutzeinrichtungen -- Verkehrszeichenbrücken -- Verblendung -- Vogeleinflugschutz -- Zugänglichkeit -- Brückenprüfung -- Instandsetzungsplanung -- Quellenverzeichnis -- Sachregister.
|
| 504 |
|
|
|a Includes bibliographical references and index.
|
| 588 |
0 |
|
|a Print version record.
|
| 650 |
|
0 |
|a Roads
|x Design and construction.
|
| 650 |
|
0 |
|a Bridges
|x Design and construction.
|
| 655 |
|
4 |
|a Electronic books.
|
| 700 |
1 |
|
|a Lodde, Klaus.
|
| 856 |
4 |
0 |
|u http://proxy.library.tamu.edu/login?url=https://onlinelibrary.wiley.com/book/10.1002/9783433600825
|z Connect to the full text of this electronic book
|t 0
|
| 955 |
|
|
|a Wiley EBA record
|
| 975 |
|
|
|p Wiley UBCM Full Collection 2026
|
| 999 |
f |
f |
|s 3e6db1cc-862c-4a9b-a018-1b0bd1bc1074
|i 19a320e6-5080-4a71-80a7-721b045e3a2c
|t 0
|
| 952 |
f |
f |
|a Texas A&M University
|b College Station
|c Electronic Resources
|s evans_pda
|d Available Online
|t 0
|e TE175 .K73 2011
|h Library of Congress classification
|
| 998 |
f |
f |
|a TE175 .K73 2011
|t 0
|l Available Online
|